Ir para o conteúdo

Информационные системы и программирование. Специалист по информационным системам. Выпускная квалификационная работа Учебник

Учебник содержит материалы необходимые для подготовки к демонстрационному экзамену по компетенции «Программные решения для бизнеса» и защите выпускной квалификационной работы по специальности 09.02.07 «Информационные системы и программирование» по направлению «Специалист по информационным системам»...

ver descrição completa

Na minha lista:
Detalhes bibliográficos
Autor principal: Логачев М.С
Formato: Учебник
Edição:1
Colecção:Среднее профессиональное образование
Acesso em linha:https://znanium.ru/catalog/document?id=443032
https://znanium.ru/cover/2136/2136719.jpg
Tags: Adicionar Tag
Sem tags, seja o primeiro a adicionar uma tag!
LEADER 03694nam0a2200313 i 4500
001 RU\infra-m\znanium\bibl\2136719
003 https://znanium.ru/catalog/document?id=443032
005 20250421000000.0
010 |a 978-5-16-015919-5 
010 |a 978-5-16-108315-4  |b электр. издание 
100 |a 20250421d2024 m y0rusy0150 ca 
101 0 |a rus 
102 |a RU 
200 1 |a Информационные системы и программирование. Специалист по информационным системам. Выпускная квалификационная работа  |e Учебник  |f Московский политехнический университет 
205 |a 1 
210 1 |a Москва  |c ООО "Научно-издательский центр ИНФРА-М"  |d 2024 
215 |a 576 с. 
225 1 |a Среднее профессиональное образование 
330 |a Учебник содержит материалы необходимые для подготовки к демонстрационному экзамену по компетенции «Программные решения для бизнеса» и защите выпускной квалификационной работы по специальности 09.02.07 «Информационные системы и программирование» по направлению «Специалист по информационным системам» из перечня «ТОП-50 наиболее востребованных профессий». На страницах учебника подробно изложены особенности правила и требования по созданию содержания выпускной квалификационной работы ее оформлению а также защиты в виде презентации и доклада. Детально описаны алгоритмы создания объектов практической части с иллюстрацией каждого этапа их выполнения. Предназначен для студентов преподавателей и методистов образовательных организаций профессионального образования и дополнительно может быть использован в качестве рекомендаций для курсового проектирования учебной практики и отдельных общепрофессиональных и профессиональных дисциплин укрупненной группы специальностей 09.00.00 «Информатика и вычислительная техника». 
333 |a Среднее профессиональное образование 
606 |a Информатика. Вычислительная техника  |x Общая информатика  |2 local 
608 |a Учебник  |2 local 
675 |a 004(075.32)  |z rus 
686 |a 32.973.202я723  |2 rubbk 
686 |a 09.02.07  |2 okso 
700 1 |a Логачев  |b М.С.  |g Максим Сергеевич  |p Московский политехнический университет 
801 0 |a RU  |b Общество с ограниченной ответственностью «ЗНАНИУМ»  |c 20240124  |2 rusmarc 
856 4 |a znanium.ru  |m ebs_support@infra-m.ru  |n НИЦ ИНФРА-М  |u https://znanium.ru/catalog/document?id=443032 
856 4 1 |a znanium.ru  |d /cover/2136  |f 2136719.jpg  |q image/jpeg  |u https://znanium.ru/cover/2136/2136719.jpg